[Event "Dutch Open 2015"]
[Site "Dieren NED"]
[Date "2015.07.24"]
[Round "4.11"]
[White "Lopez, Jasel"]
[Black "Haslinger, Stewart G"]
[Result "0-1"]
[WhiteTitle "FM"]
[BlackTitle "GM"]
[WhiteElo "2210"]
[BlackElo "2526"]
[WhiteFideId "15900045"]
[BlackFideId "405248"]
[EventDate "2015.07.21"]

1. d4 d6 2. c4 e5 3. Nc3 exd4 4. Qxd4 Nc6 5. Qd2 Nf6 6. b3 a5 7. Bb2 a4 8. Nxa4
d5 9. O-O-O dxc4 10. Qxd8+ Nxd8 11. e4 Be6 12. Bxf6 gxf6 13. Kb2 Nc6 14. f4 cxb3
15. axb3 Na5 16. Bb5+ c6 17. Nb6 Bxb3 18. Ra1 Ra7 19. Rc1 cxb5 20. Rc8+ Ke7 21.
Nf3 Ra6 22. Ra1 Be6 23. Rc7+ Kd8 24. Rxb7 Rxb6 0-1

[Event "Dutch Open 2015"]
[Site "Dieren NED"]
[Date "2015.07.24"]
[Round "4.12"]
[White "Buckels, Valentin"]
[Black "Lecomte, Robin"]
[Result "0-1"]
[WhiteElo "2152"]
[BlackElo "2331"]
[WhiteFideId "12942766"]
[BlackFideId "1037170"]
[EventDate "2015.07.21"]

1. d4 Nf6 2. c4 g6 3. Nf3 Bg7 4. g3 O-O 5. Bg2 d5 6. cxd5 Nxd5 7. Nc3 c5 8. O-O
Nc6 9. dxc5 Nxc3 10. bxc3 Qa5 11. Be3 Rd8 12. Qb3 Be6 13. Qc2 Bxc3 14. Rac1 Bg7
15. Ng5 Bxa2 16. Rfd1 h6 17. Nh3 Qa3 18. Rxd8+ Rxd8 19. Rd1 Rxd1+ 20. Qxd1 Bc4
21. Bf3 Qa1 22. Qxa1 Bxa1 23. Bxh6 Bd4 24. Bd2 Bxc5 25. Nf4 Nd8 26. Nd3 Bxd3 27.
exd3 b5 28. Kf1 Ne6 29. Ke1 Nd4 30. Bb7 b4 31. Kd1 a5 32. Be3 a4 33. Bd5 b3 34.
Kc1 Ba3+ 35. Kb1 Nb5 36. Bd2 Bc5 37. f3 Nd4 38. f4 a3 39. Bc3 Ne2 40. Ba1 b2 41.
Bxb2 axb2 42. Kxb2 Bg1 43. h3 Bh2 44. g4 Nxf4 45. Be4 Nxh3 46. Kc3 Kg7 47. Kd4
Kf6 48. Ke3 Bd6 49. Bd5 Nf4 50. Bc4 e6 51. Kf3 g5 52. Ke4 Ng6 53. d4 Ne7 54. Bf1
Kg6 55. Bb5 f5+ 56. Kf3 Kf6 57. Bc4 Nc6 58. Ke3 Bf4+ 59. Kd3 fxg4 60. Ke4 g3 61.
Bf1 Ne7 0-1

[Event "Dutch Open 2015"]
[Site "Dieren NED"]
[Date "2015.07.24"]
[Round "4.13"]
[White "Patil, Pratik"]
[Black "Vereggen, Lars"]
[Result "0-1"]
[BlackTitle "FM"]
[WhiteElo "2181"]
[BlackElo "2314"]
[WhiteFideId "5038758"]
[BlackFideId "1029258"]
[EventDate "2015.07.21"]

1. e4 g6 2. d4 Bg7 3. Nc3 d6 4. Be3 a6 5. Qd2 b5 6. O-O-O Bb7 7. f3 Nd7 8. h4 h5
9. Nh3 Rc8 10. Ng5 c5 11. Kb1 cxd4 12. Bxd4 Bxd4 13. Qxd4 Ngf6 14. Be2 Qb6 15.
Qd2 Bc6 16. g4 b4 17. Nd5 Bxd5 18. exd5 Rc5 19. Qf4 Ne5 20. gxh5 Nxd5 21. Qc1
gxh5 22. f4 Ng6 23. Rd4 Nc3+ 24. bxc3 bxc3+ 25. Ka1 Rxg5 26. Rxd6 Qxd6 27. fxg5
Qc5 28. Rh3 O-O 29. Qe3 Qa3 30. Qb6 Nf4 31. Rh2 Qc1+ 32. Qb1 Qd2 0-1

[Event "Dutch Open 2015"]
[Site "Dieren NED"]
[Date "2015.07.24"]
[Round "4.14"]
[White "Hamblok, Roel"]
[Black "Schoppen, Casper"]
[Result "1-0"]
[WhiteTitle "FM"]
[WhiteElo "2305"]
[BlackElo "2215"]
[WhiteFideId "209317"]
[BlackFideId "1046730"]
[EventDate "2015.07.21"]

1. d4 Nf6 2. Bg5 Ne4 3. Bf4 c5 4. d5 d6 5. f3 Nf6 6. e4 g6 7. Nc3 Bg7 8. Qd2 a6
9. Bh6 Bxh6 10. Qxh6 b5 11. Nge2 Nbd7 12. Ng3 Qa5 13. Be2 Qb4 14. Rb1 Ne5 15.
O-O Rg8 16. Kh1 g5 17. Nh5 Nxh5 18. Qxh5 Bd7 19. a3 Qd4 20. Rbd1 Qe3 21. Rfe1
Qf4 22. g3 Qf6 23. Rf1 O-O-O 24. Rde1 Rg6 25. f4 gxf4 26. gxf4 Ng4 27. f5 Rg5
28. Qh3 Ne5 29. a4 b4 30. Bxa6+ Kc7 31. Nd1 Rg4 32. Qe3 Rdg8 33. Be2 Rg2 34. Qh3
Bxa4 35. b3 Bd7 36. Ne3 R2g7 37. Rc1 Qg5 38. Ra1 Kb7 39. Ba6+ Kb8 40. Be2 h5 41.
Rab1 Ng4 42. Bxg4 hxg4 43. Qg3 Rh7 44. Rg1 Rh4 45. Rg2 f6 46. Kg1 Qh5 47. Nf1
Bb5 48. c4 bxc3 49. Qxc3 Qe8 50. b4 c4 51. Ra1 Qd7 52. Rga2 Qb7 53. Qd4 g3 54.
Nxg3 e5 55. fxe6 Rxh2 56. Ra8+ Kc7 57. Rxg8 Rh7 58. Ra7 1-0

[Event "Dutch Open 2015"]
[Site "Dieren NED"]
[Date "2015.07.24"]
[Round "4.15"]
[White "Roorda, Thijs"]
[Black "Van Foreest, Lucas"]
[Result "1/2-1/2"]
[WhiteElo "2103"]
[BlackElo "2294"]
[WhiteFideId "1027930"]
[BlackFideId "1039792"]
[EventDate "2015.07.21"]

1. Nf3 Nf6 2. c4 b6 3. g3 Bb7 4. Bg2 e6 5. O-O Be7 6. d4 O-O 7. Nc3 Na6 8. Re1
d5 9. Ne5 c5 10. cxd5 exd5 11. e3 Nc7 12. b3 Ne6 13. Bb2 Rc8 14. Qd3 Re8 15.
Rad1 Bd6 16. f4 cxd4 17. exd4 Nxd4 18. Nxd5 Bxd5 19. Bxd4 Bxg2 20. Kxg2 Bb4 21.
Re2 Qd5+ 22. Kg1 Qe6 23. Qb5 Bd6 24. Rde1 Qf5 25. a4 h5 26. Nd7 Qxb5 27. Nxf6+
gxf6 28. axb5 Rxe2 29. Rxe2 Bc5 30. Bxc5 Rxc5 31. Re7 Rxb5 32. Rxa7 Rxb3 33. Kg2
Rb2+ 34. Kh3 Kg7 35. Rc7 Kg6 36. Rd7 b5 37. Rc7 b4 38. Rb7 Rb1 39. Kh4 Rb2 40.
h3 f5 41. Rb6+ f6 42. Rb7 Rb1 43. Rb6 b3 44. Rb8 Rb2 45. Rb7 Kh6 46. Rb6 Kg6 47.
Rb7 Kh6 48. Rb6 Kg6 49. Rb7 Kh6 50. Rb6 Kg6 51. Rb7 1/2-1/2

[Event "Dutch Open 2015"]
[Site "Dieren NED"]
[Date "2015.07.24"]
[Round "4.16"]
[White "Afek, Yochanan"]
[Black "Go, Benjamin"]
[Result "1-0"]
[WhiteTitle "IM"]
[WhiteElo "2273"]
[BlackElo "2141"]
[WhiteFideId "2800462"]
[BlackFideId "1014560"]
[EventDate "2015.07.21"]

1. c4 Nf6 2. Nc3 c6 3. e4 d5 4. e5 Nfd7 5. d4 dxc4 6. Bxc4 Nb6 7. Bb3 Bf5 8.
Nge2 e6 9. O-O Na6 10. Ng3 Bg6 11. f4 Qd7 12. Be3 Nb4 13. f5 exf5 14. Qf3 Be7
15. Nxf5 Qxf5 16. Qxf5 Bxf5 17. Rxf5 O-O 18. Raf1 N4d5 19. Bd2 a5 20. a4 Bb4 21.
Nxd5 Nxd5 22. Bxb4 axb4 23. Kf2 Rfe8 24. Ke2 Re7 25. Kd3 Rc8 26. R5f3 Rcc7 27.
Rc1 Kf8 28. Rf2 Ke8 29. Bxd5 cxd5 30. Rfc2 Kd8 31. Rc5 Kc8 32. R1c2 Rd7 33. Rb5
Rxc2 34. Kxc2 Rc7+ 35. Kd2 Kd7 36. Rxd5+ Ke6 37. Rb5 Rc4 38. Kd3 Rc1 39. Rb6+
Kd5 40. Rd6# 1-0

[Event "Dutch Open 2015"]
[Site "Dieren NED"]
[Date "2015.07.24"]
[Round "4.17"]
[White "Van der Werve, Paul"]
[Black "Maatman, Nick"]
[Result "0-1"]
[WhiteElo "2143"]
[BlackElo "2266"]
[WhiteFideId "1050168"]
[BlackFideId "1040391"]
[EventDate "2015.07.21"]

1. e4 e6 2. d4 d5 3. e5 c5 4. c3 Qb6 5. Nf3 Nc6 6. a3 c4 7. Nbd2 Na5 8. Be2 Bd7
9. Rb1 Qc7 10. Nf1 O-O-O 11. Bf4 f5 12. Ng5 Nh6 13. Nd2 Be7 14. O-O Rdf8 15. b4
Nc6 16. h4 Nf7 17. a4 g6 18. Nxc4 dxc4 19. Nxf7 Rxf7 20. Bxc4 h6 21. d5 Nd8 22.
Qb3 exd5 23. Bxd5 Rg7 24. Bg3 Bc6 25. c4 g5 26. b5 Be8 27. a5 f4 28. b6 axb6 29.
axb6 Qxe5 30. Rfe1 Qd4 31. Ra1 Bd6 32. Ra8+ Bb8 33. Qa3 Qxb6 34. c5 Qc7 35. Bh2
Bc6 36. Rd1 Re8 37. Qf3 Rd7 38. Bxc6 Rxd1+ 39. Qxd1 Nxc6 40. hxg5 hxg5 41. Qg4+
Qd7 0-1

[Event "Dutch Open 2015"]
[Site "Dieren NED"]
[Date "2015.07.24"]
[Round "4.18"]
[White "Van Osch, Mees"]
[Black "Bus, Tom"]
[Result "0-1"]
[WhiteElo "2264"]
[BlackElo "2153"]
[WhiteFideId "1035967"]
[BlackFideId "1014374"]
[EventDate "2015.07.21"]

1. e4 c5 2. Nf3 d6 3. d4 cxd4 4. Nxd4 Nf6 5. Nc3 Nc6 6. Bg5 e6 7. Qd2 Be7 8.
O-O-O O-O 9. f3 Nxd4 10. Qxd4 a6 11. h4 b5 12. Kb1 Bb7 13. g4 Rc8 14. Be3 Qc7
15. g5 Nd7 16. h5 d5 17. exd5 Bc5 18. Qd2 b4 19. dxe6 bxc3 20. Qxc3 Bxe3 21.
Qxc7 Rxc7 22. exd7 Rd8 23. Bh3 Bxf3 24. Rde1 Bxh1 25. Rxe3 Kf8 26. b4 Bc6 27.
Rc3 Bxd7 28. Rxc7 Bxh3 29. Kb2 Rc8 30. Ra7 Rc6 31. a4 f5 32. gxf6 gxf6 33. h6
Bf5 34. c3 Bd3 35. Rd7 Be4 36. Kb3 f5 37. Rxh7 f4 38. Rh8+ Kf7 39. b5 axb5 40.
axb5 Re6 41. h7 Rh6 42. Rd8 Bxh7 43. c4 Rh3+ 44. Kb4 Be4 45. b6 f3 46. Rd2 Rg3
47. Kc5 Rg2 48. Rd1 Re2 49. Kd6 f2 50. Rf1 Bg2 51. Rb1 Re1 0-1

[Event "Dutch Open 2015"]
[Site "Dieren NED"]
[Date "2015.07.24"]
[Round "4.19"]
[White "Bakker, Guido"]
[Black "Maris, Ivo"]
[Result "0-1"]
[WhiteElo "2117"]
[BlackElo "2262"]
[WhiteFideId "1027875"]
[BlackFideId "1028146"]
[EventDate "2015.07.21"]

1. d4 Nf6 2. c4 Nc6 3. Nf3 e6 4. a3 g6 5. Nc3 Bg7 6. e4 d6 7. Be2 O-O 8. O-O Re8
9. d5 exd5 10. cxd5 Nb8 11. Qc2 c6 12. dxc6 Nxc6 13. h3 Nd7 14. Rd1 Nde5 15. Be3
Nxf3+ 16. Bxf3 Be5 17. Rac1 Be6 18. Nd5 Bxd5 19. exd5 Ne7 20. Qb3 Nf5 21. Rd3
Qf6 22. Qxb7 Reb8 23. Qc6 Nxe3 24. Rxe3 Bf4 25. Re2 Bxc1 26. Qxc1 Rb3 27. Re4
Rxb2 28. Qc7 Rb6 29. h4 Qd8 30. Qc3 Rc8 31. Qd4 Rb1+ 32. Kh2 a5 33. Qd2 h5 34.
Qh6 Qf8 35. Qe3 Qg7 36. Qa7 Qc3 37. Qd7 Rb6 38. Re3 Qc5 39. Bxh5 Rf8 40. Bf3 Qd4
41. Kg3 Kg7 42. h5 Qf6 43. Bg4 Rb2 44. f3 gxh5 45. Bxh5 Qg5+ 46. Qg4 Qxg4+ 47.
Bxg4 f5 48. Re7+ Rf7 49. Rxf7+ Kxf7 50. Bxf5 Ra2 51. Kf4 Rxa3 52. g4 a4 53. g5
Rc3 54. Be6+ Kg7 55. Ke4 a3 56. Kd4 a2 57. Kxc3 a1=Q+ 58. Kd3 Qe5 0-1

[Event "Dutch Open 2015"]
[Site "Dieren NED"]
[Date "2015.07.24"]
[Round "4.20"]
[White "Beeke, Bob"]
[Black "Kokje, Joris"]
[Result "1-0"]
[WhiteElo "2247"]
[BlackElo "2054"]
[WhiteFideId "1011634"]
[BlackFideId "1051024"]
[EventDate "2015.07.21"]

1. Nf3 f5 2. d3 Nf6 3. e4 d5 4. e5 Nfd7 5. d4 e6 6. g4 Be7 7. gxf5 exf5 8. Bd3
O-O 9. Rg1 Kh8 10. Nc3 Nb6 11. Be3 Be6 12. Ne2 N8d7 13. Nf4 Bg8 14. h4 c5 15. h5
c4 16. Ng6+ hxg6 17. hxg6 Bh7 18. Rh1 cxd3 19. Rxh7+ Kg8 20. Ng5 Bxg5 21. Qh5
Bh6 22. Rxg7+ Bxg7 23. Qh7# 1-0

[Event "Dutch Open 2015"]
[Site "Dieren NED"]
[Date "2015.07.25"]
[Round "5.1"]
[White "Ikonnikov, Vyacheslav"]
[Black "Reinderman, Dimitri"]
[Result "1/2-1/2"]
[WhiteTitle "GM"]
[BlackTitle "GM"]
[WhiteElo "2527"]
[BlackElo "2584"]
[WhiteFideId "4100972"]
[BlackFideId "1001302"]
[EventDate "2015.07.21"]

1. d4 d6 2. Nf3 g6 3. g3 Bg7 4. Bg2 e5 5. dxe5 dxe5 6. Qxd8+ Kxd8 7. Nc3 f6 8.
e4 Be6 9. Be3 Nd7 10. O-O-O Bh6 11. Rhe1 c6 12. Nd2 Bxe3 13. Rxe3 Nh6 14. f3 Kc7
15. Bf1 Rhd8 16. Bc4 Nf8 1/2-1/2

[Event "Dutch Open 2015"]
[Site "Dieren NED"]
[Date "2015.07.25"]
[Round "5.2"]
[White "Moradiabadi, Elshan"]
[Black "Van Foreest, Jorden"]
[Result "1/2-1/2"]
[WhiteTitle "GM"]
[BlackTitle "IM"]
[WhiteElo "2567"]
[BlackElo "2514"]
[WhiteFideId "12501255"]
[BlackFideId "1039784"]
[EventDate "2015.07.21"]

1. d4 d5 2. c4 c6 3. Nf3 Nf6 4. e3 Bg4 5. Nc3 e6 6. h3 Bh5 7. Qb3 Qb6 8. Ne5
Nfd7 9. Nd3 Bg6 10. Be2 Qxb3 11. axb3 Na6 12. Bd2 Be7 13. O-O Nc7 14. Rfc1 h6
15. cxd5 exd5 16. Na4 O-O 17. b4 a6 18. Nac5 Nxc5 19. bxc5 Rfe8 20. Ne5 Be4 21.
Ba5 Nb5 22. Nd7 Bf5 23. Nb6 Rab8 24. g4 Be6 25. Bd3 Rf8 26. Bf5 1/2-1/2

[Event "Dutch Open 2015"]
[Site "Dieren NED"]
[Date "2015.07.25"]
[Round "5.3"]
[White "L'Ami, Erwin"]
[Black "Beukema, Jasper"]
[Result "1-0"]
[WhiteTitle "GM"]
[WhiteElo "2628"]
[BlackElo "1942"]
[WhiteFideId "1007998"]
[BlackFideId "1032984"]
[EventDate "2015.07.21"]

1. d4 d5 2. c4 e6 3. Nf3 Nf6 4. g3 dxc4 5. Bg2 c6 6. Ne5 Be7 7. O-O O-O 8. Nc3
c5 9. dxc5 Bxc5 10. Nxc4 Qe7 11. Bg5 Nbd7 12. Ne4 h6 13. Bxf6 Nxf6 14. Nxc5 Qxc5
15. Rc1 Rb8 16. Qd6 Qxd6 17. Nxd6 b6 18. Rc7 a5 19. Rfc1 Ba6 20. Bf3 Ne8 21.
Nxe8 Rfxe8 22. Ra7 Rec8 23. Rxc8+ Bxc8 24. Bc6 f6 25. f3 e5 26. Bd5+ Kh7 27. g4
h5 28. h3 Kh6 29. Kf2 g6 30. Rf7 Ba6 31. Rxf6 hxg4 32. hxg4 Rd8 33. Be4 1-0

[Event "Dutch Open 2015"]
[Site "Dieren NED"]
[Date "2015.07.25"]
[Round "5.4"]
[White "Beukema, Stefan"]
[Black "Harff, Marcel"]
[Result "0-1"]
[WhiteTitle "FM"]
[BlackTitle "FM"]
[WhiteElo "2363"]
[BlackElo "2313"]
[WhiteFideId "1024523"]
[BlackFideId "24621382"]
[EventDate "2015.07.21"]

1. e4 e6 2. d4 d5 3. Nc3 dxe4 4. Nxe4 Nd7 5. Nf3 Ngf6 6. Bg5 Be7 7. Bxf6 Nxf6 8.
Bd3 Nxe4 9. Bxe4 c5 10. c3 O-O 11. Qc2 f5 12. Bd3 cxd4 13. Nxd4 Bf6 14. O-O-O
Bxd4 15. cxd4 Qxd4 16. Kb1 Qf6 17. Rhe1 Kh8 18. Qc7 Rf7 19. Qd6 Bd7 20. Bc4 Re8
21. Re3 Rfe7 22. Qc5 b6 23. Qb4 h6 24. Rd6 Qh4 25. Qc3 Rc8 26. Rd4 Qxf2 27. Red3
b5 28. Rxd7 Rxd7 29. Rxd7 Qg1+ 30. Qc1 Qxc1+ 31. Kxc1 Rxc4+ 32. Kd2 a5 33. Kd3
Kh7 34. b3 Rc5 35. Ra7 b4 36. Ra6 e5 37. h4 g5 38. h5 Rc3+ 39. Kd2 Rg3 40. Ra7+
Kg8 41. Rxa5 Rxg2+ 42. Ke3 Rg3+ 43. Kf2 Rh3 44. Rxe5 Rxh5 45. Kg2 f4 46. Rb5 Rh4
47. Rxb4 f3+ 0-1

[Event "Dutch Open 2015"]
[Site "Dieren NED"]
[Date "2015.07.25"]
[Round "5.5"]
[White "Haslinger, Stewart G"]
[Black "Hamblok, Roel"]
[Result "1-0"]
[WhiteTitle "GM"]
[BlackTitle "FM"]
[WhiteElo "2526"]
[BlackElo "2305"]
[WhiteFideId "405248"]
[BlackFideId "209317"]
[EventDate "2015.07.21"]

1. e4 e5 2. Nf3 Nc6 3. Bc4 Bc5 4. c3 Nf6 5. d3 a6 6. Nbd2 Ba7 7. Bb3 O-O 8. O-O
d6 9. h3 h6 10. Re1 Nh5 11. Nf1 Qf6 12. Be3 Nf4 13. d4 Re8 14. Ng3 g6 15. Bxf4
Qxf4 16. Nf5 Bxf5 17. g3 Qxe4 18. Rxe4 Bxe4 19. Nd2 Bf5 20. g4 Bd7 21. Qf3 Nd8
22. Ne4 Re7 23. Qf6 Re6 24. Bxe6 Nxe6 25. Qe7 1-0

[Event "Dutch Open 2015"]
[Site "Dieren NED"]
[Date "2015.07.25"]
[Round "5.6"]
[White "Brandenburg, Daan"]
[Black "Afek, Yochanan"]
[Result "1-0"]
[WhiteTitle "GM"]
[BlackTitle "IM"]
[WhiteElo "2511"]
[BlackElo "2273"]
[WhiteFideId "1011014"]
[BlackFideId "2800462"]
[EventDate "2015.07.21"]

1. e4 c5 2. c3 d5 3. exd5 Qxd5 4. d4 Nc6 5. Nf3 cxd4 6. cxd4 e5 7. Nc3 Bb4 8.
Bd2 Bxc3 9. Bxc3 e4 10. Ne5 Nxe5 11. dxe5 Ne7 12. Be2 O-O 13. O-O Re8 14. Qc1
Qe6 15. Rd1 Nd5 16. Bd4 Bd7 17. Qg5 h6 18. Qg3 Ne7 19. Bc3 Ng6 20. h4 Bc6 21.
Rd6 Qf5 22. e6 f6 23. Rad1 h5 24. b4 a6 25. a4 Nf4 26. Bc4 Bxa4 27. Rd7 Qg4 28.
Qxg4 hxg4 29. R1d4 Kh7 30. Rxb7 Nxe6 31. Rd6 Rac8 32. Bxe6 Rxc3 33. Bxg4 Rc6 34.
Rd4 Kh6 35. Bf5 Rc1+ 36. Kh2 e3 37. fxe3 g6 38. Bd7 Bxd7 39. Rdxd7 g5 40. Rh7+
Kg6 41. g4 Rc2+ 42. Kg1 f5 43. Rbf7 gxh4 44. gxf5+ Kg5 45. Rhg7+ Kh5 46. Rg6 Rh8
47. Rfg7 h3 48. Rg3 h2+ 49. Kh1 Kh4 50. f6 Rf2 51. Rg2 Rf1+ 52. Kxh2 Rf3 53. f7 1-0

[Event "Dutch Open 2015"]
[Site "Dieren NED"]
[Date "2015.07.25"]
[Round "5.7"]
[White "Maatman, Nick"]
[Black "Yankelevich, Lev"]
[Result "0-1"]
[WhiteElo "2266"]
[BlackElo "2420"]
[WhiteFideId "1040391"]
[BlackFideId "24684074"]
[EventDate "2015.07.21"]

1. Nf3 Nf6 2. c4 b6 3. g3 Bb7 4. Bg2 g6 5. O-O Bg7 6. d3 c5 7. e4 O-O 8. Nc3 Nc6
9. a3 d6 10. Rb1 Nd7 11. Bd2 Nde5 12. Ne1 Nd4 13. f4 Nec6 14. b4 e6 15. Nf3
Nxf3+ 16. Bxf3 Nd4 17. Bg2 f5 18. bxc5 dxc5 19. e5 Bxg2 20. Kxg2 Qd7 21. Be3 Nc6
22. Rb2 Rfd8 23. Rd2 Rab8 24. g4 Qb7 25. Kg1 Nd4 26. Bxd4 cxd4 27. Nb5 Bf8 28.
gxf5 exf5 29. Qb3 Kg7 30. a4 Qe7 31. Ra2 a6 32. Na3 Kh8 33. Qd1 Bh6 34. Nc2 Bxf4
35. Qe1 Qxe5 36. Qxe5+ Bxe5 37. Nb4 Ra8 38. Re2 Bd6 39. Nd5 b5 40. axb5 axb5 41.
cxb5 Bxh2+ 42. Kxh2 Rxd5 43. Re7 Rxb5 44. Rc1 f4 45. Rcc7 Rh5+ 46. Kg2 Rg8 47.
Rcd7 Rh4 48. Re4 g5 49. Rdxd4 h6 50. Rd7 Rg7 51. Rd8+ Kh7 52. Ree8 Kg6 53. Rd6+
Kf5 54. Rh8 h5 0-1

[Event "Dutch Open 2015"]
[Site "Dieren NED"]
[Date "2015.07.25"]
[Round "5.8"]
[White "Goudriaan, Etienne"]
[Black "Maris, Ivo"]
[Result "0-1"]
[WhiteTitle "IM"]
[WhiteElo "2376"]
[BlackElo "2262"]
[WhiteFideId "1021150"]
[BlackFideId "1028146"]
[EventDate "2015.07.21"]

1. d4 Nf6 2. c4 g6 3. Nc3 Bg7 4. e4 O-O 5. Nf3 d6 6. h3 c5 7. d5 b5 8. cxb5 a6
9. a4 Nbd7 10. Ra3 axb5 11. Bxb5 Ba6 12. Bxa6 Rxa6 13. O-O Qa8 14. Qe2 Ne8 15.
Bg5 Nc7 16. Rfa1 Rb8 17. Nb5 Ne8 18. Bxe7 f6 19. Nd2 Kf7 20. Bxd6 Rxd6 21. Nc4
Ra6 22. Qg4 Ne5 23. Nxe5+ fxe5 24. d6 Nf6 25. Rf3 Rxa4 26. Rxa4 Qxa4 27. Nc7
Qd1+ 28. Kh2 Qxd6 29. Nd5 Kg8 30. Rxf6 Bxf6 31. Qd7 Rd8 0-1

[Event "Dutch Open 2015"]
[Site "Dieren NED"]
[Date "2015.07.25"]
[Round "5.9"]
[White "Miedema, David"]
[Black "Van Helvoort, Rob"]
[Result "1-0"]
[WhiteTitle "IM"]
[WhiteElo "2356"]
[BlackElo "2130"]
[WhiteFideId "1018477"]
[BlackFideId "1005596"]
[EventDate "2015.07.21"]

1. d4 Nf6 2. c4 g6 3. f3 Nc6 4. d5 Ne5 5. e4 d6 6. Nc3 Bg7 7. Be2 O-O 8. f4 Ned7
9. Nh3 e5 10. dxe6 fxe6 11. O-O b6 12. Bf3 Bb7 13. Be3 Bh6 14. Qe1 Ne8 15. f5
Bxe3+ 16. Qxe3 exf5 17. exf5 Bxf3 18. fxg6 Bh5 19. gxh7+ Kh8 20. Rxf8+ Nxf8 21.
Qh6 Ng7 22. Ng5 Qd7 23. Nd5 Bg6 24. Rf1 Nf5 25. Qh3 Qe8 26. g4 Ng7 27. Nxc7 Qd8
28. Nxa8 Qxa8 29. Qh6 1-0

[Event "Dutch Open 2015"]
[Site "Dieren NED"]
[Date "2015.07.25"]
[Round "5.10"]
[White "Bus, Tom"]
[Black "Zwirs, Nico"]
[Result "0-1"]
[WhiteElo "2153"]
[BlackElo "2346"]
[WhiteFideId "1014374"]
[BlackFideId "1036432"]
[EventDate "2015.07.21"]

1. c4 e5 2. g3 Nf6 3. Bg2 g6 4. Nc3 Bg7 5. d3 O-O 6. Nf3 d6 7. O-O Nc6 8. Rb1 a5
9. a3 Re8 10. b4 axb4 11. axb4 e4 12. Nxe4 Nxe4 13. dxe4 Rxe4 14. Nd2 Re8 15. b5
Nd4 16. e3 Ne6 17. b6 c6 18. Bxc6 bxc6 19. b7 Bxb7 20. Rxb7 Nc5 21. Rb1 Ra2 22.
Nf3 Qd7 23. Nd4 h5 24. Rb2 Ra1 25. Qc2 h4 26. Ra2 Rxa2 27. Qxa2 hxg3 28. hxg3
Ne4 29. Kg2 Ng5 30. Rh1 c5 31. e4 cxd4 32. Bxg5 Rxe4 33. Qa8+ Re8 34. Qd5 Re5
35. Qa8+ Re8 36. Qd5 Qe6 37. Bf4 Qxd5+ 38. cxd5 Be5 39. Re1 Ra8 40. Bxe5 Re8 41.
f4 f6 42. Rc1 dxe5 43. Rc6 d3 44. d6 Kf7 45. d7 Rd8 46. fxe5 fxe5 47. Rd6 e4 48.
Rd4 Ke6 49. Rxe4+ Kd5 50. Re1 Rxd7 51. Kf3 Kd4 52. Kf4 d2 53. Ra1 Kd3 54. Kg5
Rd6 0-1

[Event "Dutch Open 2015"]
[Site "Dieren NED"]
[Date "2015.07.25"]
[Round "5.11"]
[White "Lecomte, Robin"]
[Black "Beeke, Bob"]
[Result "1-0"]
[WhiteElo "2331"]
[BlackElo "2247"]
[WhiteFideId "1037170"]
[BlackFideId "1011634"]
[EventDate "2015.07.21"]

1. e4 e5 2. Nf3 Nc6 3. Bb5 Nf6 4. O-O Nxe4 5. d4 Nd6 6. Bxc6 dxc6 7. dxe5 Nf5 8.
Qxd8+ Kxd8 9. Nc3 Ke8 10. b3 Ne7 11. Bb2 Ng6 12. Ne4 a5 13. Ne1 Nf4 14. a4 h5
15. Nf3 Bb4 16. Nd4 h4 17. Rad1 Bd7 18. c3 Be7 19. Bc1 Ne6 20. Nf5 Bf8 21. g4
hxg3 22. fxg3 c5 23. c4 Ra6 24. Ng5 Nxg5 25. Bxg5 Rh5 26. h4 Rxg5 27. hxg5 Rg6
28. Ne3 Bh3 29. Rf4 c6 30. g4 Rxg5 31. Kh2 Rxe5 32. Rf3 1-0

[Event "Dutch Open 2015"]
[Site "Dieren NED"]
[Date "2015.07.25"]
[Round "5.12"]
[White "Kollen, Zyon"]
[Black "Beerdsen, Thomas"]
[Result "0-1"]
[BlackTitle "FM"]
[WhiteElo "2220"]
[BlackElo "2317"]
[WhiteFideId "1024256"]
[BlackFideId "1030108"]
[EventDate "2015.07.21"]

1. e4 c5 2. Nf3 d6 3. d4 cxd4 4. Nxd4 Nf6 5. Nc3 Nc6 6. Bg5 Qb6 7. Nb3 e6 8. Bf4
e5 9. Bg5 Be6 10. Bxf6 gxf6 11. Nd5 Qd8 12. Qf3 Be7 13. O-O-O a5 14. a4 Rg8 15.
h3 Rc8 16. Kb1 Nb4 17. Bb5+ Kf8 18. c3 Nxd5 19. exd5 Bd7 20. g4 Bxb5 21. axb5
Qd7 22. Qd3 a4 23. Nd2 f5 24. Rdg1 Bg5 25. Nc4 Rc5 26. h4 Bf6 27. Na3 e4 28. Qd2
Rxg4 29. Qh6+ Bg7 30. Qxh7 Rxd5 31. h5 Qe6 32. Rxg4 fxg4 33. h6 Bf6 34. Nc2 Rd2
35. Nd4 Qd5 36. Kc1 Rxb2 37. Rd1 Qa2 0-1

[Event "Dutch Open 2015"]
[Site "Dieren NED"]
[Date "2015.07.25"]
[Round "5.13"]
[White "Vereggen, Lars"]
[Black "Bollen, Guus"]
[Result "1-0"]
[WhiteTitle "FM"]
[WhiteElo "2314"]
[BlackElo "2088"]
[WhiteFideId "1029258"]
[BlackFideId "1027883"]
[EventDate "2015.07.21"]

1. Nf3 f5 2. g3 Nf6 3. Bg2 e6 4. d4 Be7 5. c4 O-O 6. d5 Bb4+ 7. Bd2 Qe7 8. Nc3
e5 9. a3 Bxc3 10. Bxc3 d6 11. O-O Ne4 12. Be1 a5 13. Nd2 Nxd2 14. Bxd2 a4 15.
Bc3 f4 16. Bd2 Nd7 17. e3 fxg3 18. hxg3 Nc5 19. Bc3 Bf5 20. Qh5 Nb3 21. Rad1 Bc2
22. Bh3 Bxd1 23. Rxd1 Rf6 24. Be6+ Kh8 25. f4 Raf8 26. fxe5 Rf3 27. g4 dxe5 28.
Bf5 g6 29. Bxg6 Rxe3 30. d6 cxd6 31. Rxd6 Rg3+ 32. Kh2 Rxc3 33. bxc3 e4 34. Re6
Qc7+ 35. Kg2 Nc5 36. Bxh7 Nxe6 37. Bf5+ Kg7 38. Qg6+ Kh8 39. Qh6+ Kg8 40. Bxe6+
Rf7 41. Qg6+ 1-0

[Event "Dutch Open 2015"]
[Site "Dieren NED"]
[Date "2015.07.25"]
[Round "5.15"]
[White "Van Foreest, Lucas"]
[Black "Mellema, Andries"]
[Result "0-1"]
[WhiteElo "2294"]
[BlackElo "2171"]
[WhiteFideId "1039792"]
[BlackFideId "1011464"]
[EventDate "2015.07.21"]

1. e4 e6 2. d4 b6 3. Bd3 Bb7 4. Nf3 c5 5. c3 cxd4 6. cxd4 Nf6 7. Nc3 Bb4 8. Qc2
Nc6 9. O-O Rc8 10. e5 Bxc3 11. bxc3 Nb4 12. Qb1 Nxd3 13. exf6 Nxc1 14. fxg7 Ne2+
15. Kh1 Rg8 16. Qxh7 Ke7 17. Nh4 Kd6 18. Rfe1 Qg5 19. Qd3 Rxg7 20. d5 Nf4 21.
Qd4 Bxd5 22. f3 Rc4 23. Qd2 Qxh4 24. g3 Rxg3 25. Qf2 Rxf3 26. Qxh4 Rf1# 0-1